000
00325nam a2200145Ia 4500
008
191201s2010 xx 000 0 und d
082
_a
657
_b
MIM
100
_a
MITTAL,SN
245
0
_a
Management Accounting
250
_a
1st
260
_a
N. Delhi
_b
Shree Mahavir
_c
2010
300
_a
397
650
_a
BBA
942
_2
ddc
_c
BK
999
_c
5679
_d
5679